Can a pack ease moving? (Record no. 63611)

MARC details
000 -LEADER
fixed length control field 00815cam a2200205 4500
001 - CONTROL NUMBER
control field WB3621-21
008 - FIXED-LENGTH DATA ELEMENTS--GENERAL INFORMATION
fixed length control field 000000n2000 000 0 eng u
035 ## - SYSTEM CONTROL NUMBER
System control number (Sirsi) u106181
245 ## - TITLE STATEMENT
Title Can a pack ease moving?
260 ## - PUBLICATION, DISTRIBUTION, ETC.
Date of publication, distribution, etc. 2000
490 ## - SERIES STATEMENT
Series statement Times
Volume/sequential designation 31 May 2000, 28(1)
520 ## - SUMMARY, ETC.
Summary, etc. Outlines conflicting views from the industry on the benefits of a seller's pack. One critic of the scheme believes surveyors and lawyers should not be paid in advance of a sale that may not happen, whilst supporters say it reduces the risk of gazumping.
590 ## - LOCAL NOTE (RLIN)
Local note WB
650 ## - SUBJECT ADDED ENTRY--TOPICAL TERM
Topical term or geographic name entry element SELLERS PACKS
650 ## - SUBJECT ADDED ENTRY--TOPICAL TERM
Topical term or geographic name entry element GAZUMPING
650 ## - SUBJECT ADDED ENTRY--TOPICAL TERM
Topical term or geographic name entry element PROPERTY-RESIDENTIAL PROPERTY-ACQUISITION AND DISPOSAL OF RESIDENTIAL PROPERTY
650 ## - SUBJECT ADDED ENTRY--TOPICAL TERM
Topical term or geographic name entry element CONDITION REPORTS
690 ## - LOCAL SUBJECT ADDED ENTRY--TOPICAL TERM (OCLC, RLIN)
Topical term or geographic name as entry element PROPERTY AND LAND LAW-AGENCY-RESIDENTIAL
942 ## - ADDED ENTRY ELEMENTS (KOHA)
Suppress in OPAC 0
Holdings
Withdrawn status Lost status Source of classification or shelving scheme Damaged status Not for loan Home library Current library Shelving location Date acquired Total Checkouts Full call number Barcode Date last seen Copy number Price effective from Koha item type
    Dewey Decimal Classification     London London Journal article 31/05/2000   WB3621-24 106181-1001 06/08/2019 1 06/08/2019 Journal article